Disney characters Quiz Stats

 Plays Quiz not verified by Sporcle

Score 0/10 Timer 10:00
0 Plays Today
question Answer % Correct
Donald and ______ duck?Daisy
93%
Mickey and _________ Mouse?Minnie
91.2%
Who's the guy that lives in never land with the lost boys?Peter
89.5%
The elephant with big ears?Dumbo
89.5%
Who is the creator of Disney?Walt
86%
What is the name of Mickey's dog's name?Pluto
84.2%
What is Goofy''s son name? Max
66.7%
Who's the bare that loves honey?Poo
50.9%
who's the mermaid that lives under the see?Arile
5.3%
Who's the guy that can not lie?Pinokio
3.5%

You're not logged in!

Compare scores with friends on all Sporcle quizzes.
OR
Log In

You Might Also Like...

Show Comments

Extras

Created Mar 11, 2014SourceReportNominate
Tags:Disney Quiz, character

Top Quizzes Today


Score Distribution

Your Account Isn't Verified!

In order to create a playlist on Sporcle, you need to verify the email address you used during registration. Go to your Sporcle Settings to finish the process.

Report this User

Report this user for behavior that violates our Community Guidelines.

Details: